[Event "4NCL/Div2/WGR3 vs. CAMB1"]
[Site "Birmingham ENG"]
[Date "2005.10.22"]
[Round "1.5"]
[White "Gilbert, Jessie"]
[Black "Hodge, David J"]
[Result "1/2-1/2"]
[WhiteElo "2148"]
[BlackElo "2164"]
[PlyCount "57"]
[EventDate "2005.10.22"]
[SourceDate "2005.10.25"]

1. d4 Nf6 2. c4 g6 3. Nc3 Bg7 4. e4 d6 5. f3 O-O 6. Bg5 c5 7. d5 e6 8. Qd2 exd5
9. cxd5 Bd7 10. a4 Na6 11. Nge2 Re8 12. Ng3 Nb4 13. Be2 h6 14. Be3 h5 15. O-O
a6 16. Ra3 Rc8 17. a5 Qe7 18. Bc4 Nh7 19. Na2 h4 20. Nh1 f5 21. Nf2 Nxa2 22.
Bxa2 fxe4 23. Nxe4 Kh8 24. Bf4 Bd4+ 25. Kh1 Bb5 26. Rd1 Be5 27. Bxe5+ Qxe5 28.
Qc3 Rcd8 29. Bb1 1/2-1/2

[Event "4NCL/Div2/WGR3 vs. CAMB1"]
[Site "Birmingham ENG"]
[Date "2005.10.22"]
[Round "1.6"]
[White "Garner, David"]
[Black "Maduekwe, Chiedu"]
[Result "0-1"]
[WhiteElo "2191"]
[BlackElo "2142"]
[PlyCount "72"]
[EventDate "2005.10.22"]
[SourceDate "2005.10.25"]

1. e4 c6 2. d4 d5 3. exd5 cxd5 4. c4 Nf6 5. Nc3 e6 6. Nf3 Bb4 7. Bd3 dxc4 8.
Bxc4 Qc7 9. Qe2 O-O 10. O-O Bxc3 11. bxc3 b6 12. Bb2 Nbd7 13. Bd3 Bb7 14. c4
Rac8 15. Rac1 Rfd8 16. Qe3 Ng4 17. Qg5 Bxf3 18. Qh4 Qxh2+ 19. Qxh2 Nxh2 20.
Kxh2 Bb7 21. g4 h6 22. Be2 f6 23. f4 Nb8 24. Kg3 Ba6 25. Rc2 Kf7 26. g5 Nc6 27.
Rd1 hxg5 28. fxg5 Ne7 29. Kg4 Nf5 30. Kf4 fxg5+ 31. Kxg5 Ne3 32. Bh5+ Kg8 33.
Rf2 Rf8 34. Rxf8+ Rxf8 35. Rc1 Rf5+ 36. Kh4 Ng2+ 0-1

[Event "4NCL/Div2/WGR3 vs. CAMB1"]
[Site "Birmingham ENG"]
[Date "2005.10.22"]
[Round "1.7"]
[White "Cutmore, David A"]
[Black "Eckersley-Waites, Adam"]
[Result "0-1"]
[WhiteElo "2093"]
[BlackElo "2143"]
[PlyCount "120"]
[EventDate "2005.10.22"]
[SourceDate "2005.10.25"]

1. d4 Nf6 2. c4 c5 3. d5 e6 4. Nc3 exd5 5. cxd5 d6 6. e4 g6 7. f4 Bg7 8. Nf3
O-O 9. Bd3 Bg4 10. O-O Re8 11. h3 Bxf3 12. Qxf3 a6 13. a4 Nbd7 14. Be3 Qc7 15.
Rad1 Rab8 16. Rfe1 c4 17. Bc2 b5 18. axb5 axb5 19. Ra1 Nc5 20. e5 dxe5 21. fxe5
Rxe5 22. Bf4 Nh5 23. Bxe5 Bxe5 24. Rad1 b4 25. d6 Bxd6 26. Nd5 Qa7 27. Qe3 b3
28. Bb1 Qa6 29. g4 Ne6 30. Qf3 Nhf4 31. Nf6+ Kg7 32. Ne4 Qb6+ 33. Kh1 Bb4 34.
Nc3 Rd8 35. Rxd8 Qxd8 36. Rd1 Qh4 37. Qe3 Nxh3 38. Qe5+ Kh6 39. Rd2 Nf2+ 40.
Kg2 Nxg4 41. Qg3 Qxg3+ 42. Kxg3 Bxc3 43. bxc3 Ne5 44. Rd5 f6 45. Rd6 Ng7 46.
Kf4 Nh5+ 47. Ke4 Kg5 48. Kd4 Ng3 49. Kc5 h5 50. Rd1 h4 51. Rg1 Kf4 52. Rg2 h3
53. Rf2+ Kg4 54. Bxg6 Nxg6 55. Kxc4 Nf4 56. Kxb3 Ng2 57. Ra2 h2 58. Ra1 h1=Q
59. Rxh1 Nxh1 60. c4 Nf4 0-1

[Event "4NCL/Div2/WGR3 vs. CAMB1"]
[Site "Birmingham ENG"]
[Date "2005.10.22"]
[Round "1.8"]
[White "Regan, Natasha"]
[Black "Cutmore, Martin J"]
[Result "1/2-1/2"]
[WhiteElo "2208"]
[BlackElo "2026"]
[PlyCount "82"]
[EventDate "2005.10.22"]
[SourceDate "2005.10.25"]

1. e4 c5 2. d4 e6 3. Nf3 cxd4 4. c3 Nf6 5. e5 Nd5 6. cxd4 d6 7. Bg5 Be7 8. Bxe7
Qxe7 9. Nbd2 Nc6 10. Bb5 Bd7 11. exd6 Qxd6 12. O-O O-O 13. Ne4 Qe7 14. Nc5 Be8
15. Rc1 Rc8 16. Re1 b6 17. Ne4 Bd7 18. Nc3 Ncb4 19. Qb3 Nxc3 20. bxc3 Bxb5 21.
cxb4 Qd6 22. Rcd1 Bc4 23. Qb1 h6 24. a3 Bd5 25. Ne5 Rc3 26. Re3 Rfc8 27. h3 a5
28. bxa5 bxa5 29. Rxc3 Rxc3 30. Rc1 Qxa3 31. Re1 Qb4 32. Qd1 Rb3 33. Kh2 Qe7
34. Qc2 Qf6 35. Kg1 Qg5 36. f3 Qh4 37. Re4 Bxe4 38. Qxb3 Bd5 39. Qb6 Qe1+ 40.
Kh2 Qb4 41. Qc7 Qxd4 1/2-1/2

[Event "4NCL/Div2/RICA vs. PYO"]
[Site "Birmingham ENG"]
[Date "2005.10.22"]
[Round "1.1"]
[White "Bates, Richard A"]
[Black "Rendle, Thomas E"]
[Result "1/2-1/2"]
[WhiteElo "2383"]
[BlackElo "2332"]
[PlyCount "38"]
[EventDate "2005.10.22"]
[SourceDate "2005.10.25"]

1. d4 e6 2. c4 f5 3. g3 Nf6 4. Bg2 Be7 5. Nf3 d6 6. O-O O-O 7. Nc3 a5 8. Re1
Ne4 9. Qc2 Nxc3 10. Qxc3 Nd7 11. b3 Nf6 12. Bb2 c6 13. d5 cxd5 14. cxd5 e5 15.
Ng5 Qb6 16. Rac1 Ng4 17. Nh3 Bd8 18. e3 Bd7 19. Qd2 Qa7 1/2-1/2

[Event "4NCL/Div2/RICA vs. PYO"]
[Site "Birmingham ENG"]
[Date "2005.10.22"]
[Round "1.2"]
[White "Bigg, Andrew J"]
[Black "Hinks-Edwards, Thomas"]
[Result "1/2-1/2"]
[WhiteElo "2295"]
[BlackElo "2343"]
[PlyCount "99"]
[EventDate "2005.10.22"]
[SourceDate "2005.10.25"]

1. d4 Nf6 2. Bg5 Ne4 3. Bf4 d5 4. e3 c5 5. Bd3 Nf6 6. dxc5 Nc6 7. Bb5 Bg4 8.
Bxc6+ bxc6 9. Qd4 e6 10. Nd2 Be7 11. Ngf3 Bxf3 12. gxf3 Nd7 13. Bd6 Bxd6 14.
cxd6 e5 15. Qa4 Qb6 16. Rg1 g6 17. O-O-O O-O 18. Nb3 Nc5 19. Qa3 Ne6 20. Rg4
Qd8 21. Ra4 Qf6 22. f4 exf4 23. e4 Qe5 24. exd5 cxd5 25. Ra5 f3 26. Raxd5 Qxh2
27. Nc5 Qxf2 28. Ne4 Qe2 29. Nf6+ Kg7 30. Qc3 Rac8 31. Ne8+ Kg8 32. Qxc8 f2 33.
Nf6+ Kg7 34. Qc3 f1=Q 35. Nh5+ Kh6 36. Rxf1 Qxf1+ 37. Rd1 Qf5 38. Ng3 Qf4+ 39.
Kb1 f6 40. Qe1 Qe5 41. Qf2 Kg7 42. Qxa7+ Rf7 43. Qg1 Rd7 44. c4 Kf7 45. b3 f5 {
=} 46. Rd5 Qf4 47. c5 Qf3 48. Rd2 Nxc5 49. Qxc5 Qxg3 50. Qc4+ 1/2-1/2

[Event "4NCL/Div2/RICA vs. PYO"]
[Site "Birmingham ENG"]
[Date "2005.10.22"]
[Round "1.3"]
[White "Franklin, Michael J"]
[Black "Dorrington, Christopher"]
[Result "1/2-1/2"]
[WhiteElo "2231"]
[BlackElo "2227"]
[PlyCount "69"]
[EventDate "2005.10.22"]
[SourceDate "2005.10.25"]

1. d4 Nf6 2. Nf3 e6 3. e3 b6 4. Nbd2 Bb7 5. Bd3 c5 6. O-O Be7 7. Qe2 Nc6 8. c3
O-O 9. dxc5 bxc5 10. e4 d6 11. Re1 Re8 12. Nf1 Qc7 13. Ng3 Ne5 14. Bc2 a5 15.
Nxe5 dxe5 16. Nf1 Ba6 17. Bd3 c4 18. Bc2 Reb8 19. Rb1 Nd7 20. Ne3 Rb6 21. Qg4
Rab8 22. Nd1 R6b7 23. h4 Nc5 24. h5 Kh8 25. h6 g6 26. f4 exf4 27. e5 a4 28. a3
Bf8 29. Qxf4 Kg8 30. Ne3 Nb3 31. Bxb3 Rxb3 32. Ra1 Rd8 33. Ng4 Bb7 34. Rf1 Ba8
35. Nf6+ 1/2-1/2

[Event "4NCL/Div2/RICA vs. PYO"]
[Site "Birmingham ENG"]
[Date "2005.10.22"]
[Round "1.4"]
[White "Bennet, William D"]
[Black "Manning, Russell P"]
[Result "1-0"]
[WhiteElo "2165"]
[BlackElo "2150"]
[PlyCount "89"]
[EventDate "2005.10.22"]
[SourceDate "2005.10.25"]

1. d4 Nf6 2. c4 g6 3. Nc3 Bg7 4. e4 d6 5. f3 O-O 6. Be3 e5 7. Nge2 Nc6 8. Qd2
Ne7 9. Rd1 Nd7 10. dxe5 Nxe5 11. Nf4 Be6 12. c5 dxc5 13. Nxe6 fxe6 14. Bxc5
Qxd2+ 15. Rxd2 Rfe8 16. Nb5 b6 17. Ba3 Rac8 18. Nxa7 Rb8 19. f4 Rb7 20. Nb5 Ng4
21. Rd7 Nc6 22. Rxc7 Rxc7 23. Nxc7 Rc8 24. Nxe6 Nd4 25. Nxg7 Kxg7 26. Be2 Rc1+
27. Bd1 Rxd1+ 28. Kxd1 Nf2+ 29. Ke1 Nxh1 30. Kf1 Ne6 31. Bd6 g5 32. f5 Nd8 33.
Kg1 Nb7 34. Bb4 Ng3 35. hxg3 Nd8 36. Kf2 Nc6 37. Bc3+ Kf7 38. Kf3 h5 39. g4 h4
40. e5 b5 41. a3 Ke7 42. Ke4 Nd8 43. e6 Nc6 44. Kd5 Nd8 45. f6+ 1-0

[Event "4NCL/Div2/RICA vs. PYO"]
[Site "Birmingham ENG"]
[Date "2005.10.22"]
[Round "1.5"]
[White "Nixon, Thomas C M"]
[Black "Player, Edmund C"]
[Result "1-0"]
[WhiteElo "2216"]
[BlackElo "2123"]
[PlyCount "65"]
[EventDate "2005.10.22"]
[SourceDate "2005.10.25"]

1. d4 d5 2. Bf4 Nf6 3. e3 c5 4. c3 Qb6 5. Qb3 c4 6. Qc2 g6 7. Nd2 Bf5 8. Qc1
Nbd7 9. h3 h5 10. Ngf3 Bg7 11. Ne5 Nxe5 12. Bxe5 O-O 13. b3 cxb3 14. axb3 Ne4
15. Nxe4 Bxe4 16. f3 f6 17. Bh2 Bf5 18. g4 hxg4 19. hxg4 Bd7 20. Bd3 f5 21.
gxf5 Bxf5 22. e4 dxe4 23. fxe4 Bg4 24. Rg1 Qf6 25. Qe3 Bh6 26. Qg3 Bh5 27. e5
Qc6 28. Bxg6 Kh8 29. Bxh5 Qe4+ 30. Kd1 Rg8 31. Bg6 Rxg6 32. Qxg6 Qf3+ 33. Kc2
1-0

[Event "4NCL/Div2/RICA vs. PYO"]
[Site "Birmingham ENG"]
[Date "2005.10.22"]
[Round "1.6"]
[White "Eckersley-Waites, Tom"]
[Black "Wilson, Alexandra"]
[Result "1-0"]
[WhiteElo "2116"]
[BlackElo "2101"]
[PlyCount "51"]
[EventDate "2005.10.22"]
[SourceDate "2005.10.25"]

1. e4 e6 2. d4 d5 3. Nd2 Nf6 4. e5 Nfd7 5. Bd3 c5 6. c3 Nc6 7. Ngf3 g5 8. h3 h5
9. Nf1 Be7 10. Be3 a6 11. a3 b5 12. Qc1 Rg8 13. h4 gxh4 14. g3 Na5 15. Bc2 cxd4
16. cxd4 hxg3 17. Nxg3 h4 18. Nh5 Bb7 19. Bh7 Nb3 20. Qc3 Nxa1 21. Bxg8 Rc8 22.
Qd3 Nc2+ 23. Ke2 Nxe3 24. Bxf7+ Kxf7 25. Qh7+ Kf8 26. Rg1 1-0

[Event "4NCL/Div2/RICA vs. PYO"]
[Site "Birmingham ENG"]
[Date "2005.10.22"]
[Round "1.7"]
[White "Simmons, Matthew"]
[Black "Wells, Daniel"]
[Result "1-0"]
[WhiteElo "2078"]
[BlackElo "1997"]
[PlyCount "59"]
[EventDate "2005.10.22"]
[SourceDate "2005.10.25"]

1. e4 c5 2. Nc3 Nc6 3. Bb5 Nd4 4. Bc4 g6 5. Nf3 Bg7 6. Nxd4 cxd4 7. Qf3 e6 8.
Nb5 Qb6 9. Qg3 e5 10. Qa3 Bf8 11. Qf3 f6 12. O-O a6 13. Na3 Bxa3 14. Qxa3 Ne7
15. d3 h5 16. c3 dxc3 17. bxc3 Qc6 18. Qb3 d6 19. Bf7+ Kf8 20. f4 Rh7 21. fxe5
Rxf7 22. Rxf6 Rxf6 23. exf6 d5 24. fxe7+ Kxe7 25. Bg5+ Kf8 26. Rf1+ Kg7 27.
exd5 Qd6 28. c4 b5 29. Qc3+ Kg8 30. Bh6 1-0

[Event "4NCL/Div2/RICA vs. PYO"]
[Site "Birmingham ENG"]
[Date "2005.10.22"]
[Round "1.8"]
[White "Miller, Naomi K"]
[Black "Mitchem, Nicholas D"]
[Result "0-1"]
[WhiteElo "1941"]
[BlackElo "2060"]
[PlyCount "44"]
[EventDate "2005.10.22"]
[SourceDate "2005.10.25"]

1. e4 c5 2. c3 e6 3. e5 d6 4. exd6 Bxd6 5. Nf3 Nc6 6. Na3 Nf6 7. Nc2 e5 8. d4
cxd4 9. cxd4 exd4 10. Nfxd4 Nxd4 11. Qxd4 O-O 12. Be2 Re8 13. Be3 Bf5 14. Qd2
Bxc2 15. Qxc2 Bb4+ 16. Kf1 Nd5 17. Qb3 Nxe3+ 18. fxe3 Qf6+ 19. Bf3 Bc5 20. Re1
b6 21. e4 Rad8 22. Ke2 Qd4 0-1

[Event "4NCL/Div2/BRI1 vs. WES1"]
[Site "Birmingham ENG"]
[Date "2005.10.22"]
[Round "1.1"]
[White "Buckley, Simon T"]
[Black "Corkett, Anthony R"]
[Result "1-0"]
[WhiteElo "2338"]
[BlackElo "2354"]
[PlyCount "67"]
[EventDate "2005.10.22"]
[SourceDate "2005.10.25"]

1. c4 e5 2. g3 Nf6 3. Bg2 Nc6 4. Nc3 Bb4 5. Nd5 Bc5 6. e3 O-O 7. Ne2 d6 8. d4
Bb6 9. Nxb6 axb6 10. h3 Bf5 11. O-O Qc8 12. Kh2 h6 13. d5 Nb4 14. Bd2 Nd3 15.
Bc3 Nc5 16. f3 Bh7 17. e4 Ne8 18. b4 Na4 19. f4 exf4 20. gxf4 Nxc3 21. Nxc3 c5
22. dxc6 bxc6 23. Qb3 Ra7 24. b5 cxb5 25. cxb5 Nc7 26. Rad1 Rd8 27. f5 Qd7 28.
Qb4 Qe7 29. Qd4 Rc8 30. Qxd6 Qe8 31. a4 Rb7 32. e5 Rbb8 33. Bc6 Qf8 34. Bd7 1-0

[Event "4NCL/Div2/BRI1 vs. WES1"]
[Site "Birmingham ENG"]
[Date "2005.10.22"]
[Round "1.3"]
[White "Beaumont, Chris"]
[Black "Webb, Richard M"]
[Result "1-0"]
[WhiteElo "2329"]
[BlackElo "2302"]
[PlyCount "74"]
[EventDate "2005.10.22"]
[SourceDate "2005.10.25"]

1. e4 c5 2. c3 Nf6 3. e5 Nd5 4. d4 cxd4 5. Nf3 Nc6 6. cxd4 d6 7. Bc4 Nb6 8. Bb3
dxe5 9. d5 Na5 10. Nc3 Nxb3 11. Qxb3 e6 12. Nxe5 exd5 13. Be3 Bd6 14. Qb5+ Kf8
15. Nf3 Be6 16. O-O Kg8 17. Rfe1 h6 18. Nd4 Bd7 19. Qb3 Qh4 20. g3 Qh5 21. Ndb5
Bxb5 22. Nxb5 Rd8 23. Rad1 Bb8 24. Bxb6 axb6 25. Nc3 Kh7 26. Rxd5 Rxd5 27. Qxd5
Qxd5 28. Nxd5 Rd8 29. Rd1 Be5 30. b3 b5 {=} 31. Kf1 g5 32. Ke2 f5 33. Rd3 Ra8
34. Rd2 Kg6 35. f4 gxf4 36. gxf4 Bg7 37. Rc2 Kf7 {time} 1-0

[Event "4NCL/Div2/BRI1 vs. WES1"]
[Site "Birmingham ENG"]
[Date "2005.10.22"]
[Round "1.4"]
[White "Simons, Martin J"]
[Black "Rudd, Jack"]
[Result "0-1"]
[WhiteElo "2293"]
[BlackElo "2281"]
[PlyCount "68"]
[EventDate "2005.10.22"]
[SourceDate "2005.10.25"]

1. e4 c5 2. Nc3 Nc6 3. g3 g6 4. Bg2 Bg7 5. d3 d6 6. f4 e6 7. Nf3 Nge7 8. O-O
O-O 9. Be3 Nd4 10. e5 Nef5 11. Bf2 dxe5 12. Nxe5 g5 13. Ne4 gxf4 14. gxf4 Nh4
15. Bh1 f5 16. Qh5 Ng6 17. Ng5 Ne2+ 18. Qxe2 Nxf4 19. Qe1 Qxg5+ 20. Bg3 Nh5 21.
Nf3 Qg4 22. Bg2 Nxg3 23. hxg3 Bxb2 24. Rb1 Bf6 25. Qf2 b6 26. Rbe1 Qg7 27. Re2
Bd7 28. Rfe1 Bc3 29. Rd1 Rad8 30. Kh2 e5 31. Rh1 Be6 32. Nxe5 Bxe5 33. Qe3 Rd5
34. Rhe1 f4 0-1

[Event "4NCL/Div2/BRI1 vs. WES1"]
[Site "Birmingham ENG"]
[Date "2005.10.22"]
[Round "1.5"]
[White "Sherwin, James T"]
[Black "Upton, Ian J"]
[Result "1-0"]
[WhiteElo "2274"]
[BlackElo "2259"]
[PlyCount "67"]
[EventDate "2005.10.22"]
[SourceDate "2005.10.25"]

1. d4 e6 2. Nf3 f5 3. g3 Nf6 4. Bg2 Be7 5. O-O O-O 6. c4 d5 7. b3 Nc6 8. Bb2
Bd7 9. Nc3 Be8 10. Ng5 Bf7 11. e3 Qd7 12. Nxf7 Rxf7 13. Rc1 Bf8 14. Qe2 Nd8 15.
Na4 b6 16. f3 Rc8 17. e4 dxe4 18. fxe4 Nxe4 19. Bxe4 fxe4 20. Qxe4 Be7 21. Nc3
Bf6 22. Rcd1 Rf8 23. d5 Qe7 24. Kg2 exd5 25. Qxe7 Bxe7 26. Nxd5 Bd6 27. Be5 Nc6
28. Bxd6 cxd6 29. Nf4 Rf6 30. Rd2 Ne7 31. Re1 Kf7 32. Nh5 Rf5 33. Nxg7 Rfc5 34.
Rf2+ 1-0

[Event "4NCL/Div2/BRI1 vs. WES1"]
[Site "Birmingham ENG"]
[Date "2005.10.22"]
[Round "1.6"]
[White "Neil, David R"]
[Black "Buckley, David E"]
[Result "1/2-1/2"]
[WhiteElo "2181"]
[BlackElo "2246"]
[PlyCount "98"]
[EventDate "2005.10.22"]
[SourceDate "2005.10.25"]

1. c4 c5 2. Nc3 Nc6 3. g3 g6 4. Bg2 Bg7 5. d3 d6 6. Nf3 Qd7 7. Bd2 b6 8. O-O
Bb7 9. Rb1 e6 10. e4 Nge7 11. a3 O-O 12. b4 Rac8 13. Qb3 Rfd8 14. Ne2 Nd4 15.
Nfxd4 cxd4 16. Rfc1 Ba8 17. Rc2 Rc7 18. f4 Rdc8 19. Rbc1 Bc6 20. b5 Bb7 21. a4
d5 22. cxd5 exd5 23. e5 Rxc2 24. Rxc2 f6 25. Rxc8+ Bxc8 26. Nxd4 fxe5 27. Nc6
exf4 28. Bxf4 Kh8 29. Nxe7 Qxe7 30. Qxd5 Be6 31. Qa8+ Bg8 32. h3 g5 33. Bd2 Qe2
34. Bxg5 Qxd3 35. Kh2 Be5 36. Bh4 Qd4 37. Qe8 Bg7 38. Qe7 h6 39. Qxa7 Qf2 40.
Qc7 Bd4 41. Qc1 Kg7 42. Qf1 Qe3 43. Bd8 Bc4 44. Bf6+ Bxf6 45. Qxc4 h5 46. Qc7+
Kg6 47. h4 Be5 48. Qc6+ Kg7 49. Qf3 Qxf3 1/2-1/2

[Event "4NCL/Div2/BRI1 vs. WES1"]
[Site "Birmingham ENG"]
[Date "2005.10.22"]
[Round "1.7"]
[White "Dilleigh, Stephen P"]
[Black "Yeo, Michael J"]
[Result "1-0"]
[WhiteElo "2149"]
[BlackElo "2200"]
[PlyCount "35"]
[EventDate "2005.10.22"]
[SourceDate "2005.10.25"]

1. d4 d5 2. c4 Nc6 3. cxd5 Qxd5 4. e3 e5 5. Nc3 Bb4 6. Bd2 Bxc3 7. Bxc3 exd4 8.
Ne2 Bg4 9. f3 O-O-O 10. Nxd4 Nf6 11. Qa4 Qg5 12. Nxc6 Qxe3+ 13. Be2 Rhe8 14.
Qc2 Ne4 15. Nxa7+ Kb8 16. Nc6+ bxc6 17. Rf1 Rd2 18. Bxd2 1-0

[Event "4NCL/Div2/BRI1 vs. WES1"]
[Site "Birmingham ENG"]
[Date "2005.10.22"]
[Round "1.8"]
[White "Norman, Dinah"]
[Black "James, Ann-Marie"]
[Result "1/2-1/2"]
[WhiteElo "2017"]
[BlackElo "2082"]
[PlyCount "135"]
[EventDate "2005.10.22"]
[SourceDate "2005.10.25"]

1. d4 d5 2. Nf3 Nf6 3. e3 g6 4. c4 dxc4 5. Bxc4 Bg7 6. Nc3 O-O 7. O-O c5 8.
dxc5 Qc7 9. e4 Qxc5 10. Qb3 Nc6 11. Qb5 Qxb5 12. Bxb5 Bd7 13. h3 a6 14. Be2 b5
15. a3 Be6 16. Be3 Na5 17. Nd4 Bc4 18. Rfe1 Rac8 19. Rad1 Bxe2 20. Ndxe2 Nc4
21. Bc1 Rfd8 22. f3 Nd7 23. Nd5 Kf8 24. b3 Na5 25. b4 Nc4 26. Kf2 e6 27. Ne3
Nde5 28. Rxd8+ Rxd8 29. Rd1 Rxd1 30. Nxd1 Nd3+ 31. Kf1 Nxc1 32. Nxc1 Nxa3 33.
Ke2 Nc2 34. Nd3 Ke7 35. Kd2 Na3 36. Nc5 Nc4+ 37. Kc2 a5 38. bxa5 Nxa5 39. Nd3
Nc4 40. Kb3 Kd6 41. Kb4 Kc6 42. Kb3 h5 43. Kb4 h4 44. Kb3 g5 45. Kb4 f5 46.
exf5 exf5 47. Kb3 Kd5 48. Nb4+ Kd4 49. Nc3 Ne3 50. Ne2+ Kc5 51. Nd3+ Kc6 52. g3
Nf1 53. gxh4 Nd2+ 54. Kc2 Nxf3 55. hxg5 Nxg5 56. Nef4 Ne4 57. h4 Nc3 58. h5 Nd5
59. Ne6 Bh8 60. Kb3 Kd6 61. Nef4 Bg7 62. Nxd5 Kxd5 63. Nf4+ Kc6 64. Ne6 Be5 65.
h6 Kd6 66. Ng5 Kc5 67. h7 Kd5 68. Kb4 1/2-1/2

[Event "4NCL/Div2/NWE2 vs. OXF1"]
[Site "Birmingham ENG"]
[Date "2005.10.22"]
[Round "1.1"]
[White "Hulmes, David I"]
[Black "Savage, Ben D"]
[Result "1/2-1/2"]
[WhiteElo "2206"]
[BlackElo "2310"]
[PlyCount "86"]
[EventDate "2005.10.22"]
[SourceDate "2005.10.25"]

1. e4 c5 2. Nf3 Nc6 3. d4 cxd4 4. Nxd4 Nf6 5. Nc3 e5 6. Ndb5 d6 7. Bg5 a6 8.
Na3 b5 9. Nd5 Qa5+ 10. Bd2 Qd8 11. c4 Nxe4 12. cxb5 Ne7 13. Bc4 Be6 14. O-O
Nxd5 15. Bxd5 Bxd5 16. Ba5 Qxa5 17. Qxd5 Rc8 18. Qxe4 axb5 19. Qb7 Qc7 20.
Qxb5+ Qd7 21. Rac1 Rxc1 22. Rxc1 Qxb5 23. Nxb5 Kd7 24. Rc7+ Ke6 25. Rc8 Kd7 26.
Rb8 g6 27. a4 d5 28. a5 Bg7 29. Rxh8 Bxh8 30. a6 Kc6 31. a7 Kb7 32. Kf1 e4 33.
b3 f5 34. Nc7 Kxa7 35. Nxd5 Kb7 36. Ke2 Kc6 37. Ne3 Kc5 38. Nc2 f4 39. f3 e3
40. g3 g5 41. gxf4 gxf4 42. h3 Be5 43. Kd3 Kd5 1/2-1/2

[Event "4NCL/Div2/NWE2 vs. OXF1"]
[Site "Birmingham ENG"]
[Date "2005.10.22"]
[Round "1.2"]
[White "Ozeren, Kemal"]
[Black "Lund, D Brett"]
[Result "0-1"]
[WhiteElo "2286"]
[BlackElo "2231"]
[PlyCount "82"]
[EventDate "2005.10.22"]
[SourceDate "2005.10.25"]

1. d4 d6 2. c4 e5 3. d5 f5 4. e4 Nf6 5. Nc3 fxe4 6. Nge2 Bf5 7. Ng3 Bg6 8. Bg5
Be7 9. Bxf6 gxf6 10. h4 h5 11. Be2 Na6 12. Bxh5 Rxh5 13. Nxh5 Kf7 14. g4 Nc5
15. Ng3 Qd7 16. Qe2 Nd3+ 17. Kd2 Nf4 18. Qd1 c6 19. Ngxe4 b5 20. dxc6 Qe6 21.
cxb5 d5 22. Ng3 d4 23. Nce4 Kf8 24. Qa4 Qxg4 25. b6 Bxe4 26. b7 Re8 27. Rhe1
Bd5 28. Ne4 Qf3 29. Qb5 a6 30. Qxa6 Bxe4 31. Rxe4 Qxe4 32. c7 d3 33. Qxf6+ Bxf6
34. b8=Q Qe2+ 35. Kc3 Qc2+ 36. Kb4 Be7+ 37. Ka5 Qc5+ 38. Ka6 Qc6+ 39. Ka5 Qc5+
40. Ka6 Qd6+ 41. Ka5 Rxb8 0-1

[Event "4NCL/Div2/NWE2 vs. OXF1"]
[Site "Birmingham ENG"]
[Date "2005.10.22"]
[Round "1.3"]
[White "Coates, Kenneth G"]
[Black "Smallbone, Kieran"]
[Result "0-1"]
[WhiteElo "2197"]
[BlackElo "2194"]
[PlyCount "52"]
[EventDate "2005.10.22"]
[SourceDate "2005.10.25"]

1. e4 c6 2. c4 d5 3. exd5 cxd5 4. d4 Nf6 5. Nc3 Nc6 6. Nf3 Bg4 7. Be3 e6 8. Be2
Be7 9. h3 Bh5 10. O-O O-O 11. c5 Ne4 12. Rc1 f5 13. Bf4 g5 14. Be5 Bxf3 15.
gxf3 Nxc5 16. Nb5 Nxe5 17. dxe5 Qb6 18. h4 a6 19. Nd4 Nd7 20. Qd2 f4 21. hxg5
Nxe5 22. Kg2 Bb4 23. Qd1 Rac8 24. Rxc8 Rxc8 25. Rh1 Bc5 26. Qc2 Rc7 0-1

[Event "4NCL/Div2/NWE2 vs. OXF1"]
[Site "Birmingham ENG"]
[Date "2005.10.22"]
[Round "1.4"]
[White "Shaw, David A"]
[Black "Jowett, Pete"]
[Result "0-1"]
[WhiteElo "2200"]
[BlackElo "2184"]
[PlyCount "86"]
[EventDate "2005.10.22"]
[SourceDate "2005.10.25"]

1. e4 c5 2. Nf3 Nc6 3. d4 cxd4 4. Nxd4 d5 5. Bb5 dxe4 6. Nxc6 Qxd1+ 7. Kxd1 a6
8. Ba4 Bd7 9. Nc3 Bxc6 10. Bxc6+ bxc6 11. Nxe4 f5 12. Ng5 Nf6 13. c3 e5 14. Re1
Bd6 15. Nf3 O-O-O 16. Kc2 Ne4 17. Ng5 Nxg5 18. Bxg5 Rde8 19. Rad1 Kc7 20. c4 f4
21. f3 Bc5 22. Re4 Bf2 23. Rd2 Be3 24. Re2 c5 25. Bh4 Kd6 26. Bf2 Bd4 27. Bxd4
cxd4 28. b4 g5 29. Kd3 Rhg8 30. h3 h5 31. Rc2 g4 32. hxg4 hxg4 33. Re1 a5 34.
a3 axb4 35. axb4 Ra8 36. Ke4 Ra3 37. c5+ Kc6 38. fxg4 Re3+ 39. Rxe3 fxe3 40.
Kd3 Kd5 41. Rc1 e4+ 42. Ke2 Rf8 43. Rf1 d3+ 0-1

[Event "4NCL/Div2/NWE2 vs. OXF1"]
[Site "Birmingham ENG"]
[Date "2005.10.22"]
[Round "1.5"]
[White "Ruston, Mark"]
[Black "Dickinson, Timothy R"]
[Result "0-1"]
[WhiteElo "2116"]
[BlackElo "2176"]
[PlyCount "42"]
[EventDate "2005.10.22"]
[SourceDate "2005.10.25"]

1. e4 c6 2. d4 d5 3. e5 a6 4. Bd3 c5 5. dxc5 Nc6 6. Bf4 e6 7. Nf3 Bxc5 8. O-O
Nge7 9. c3 Ng6 10. Bg3 f5 11. b4 Ba7 12. h4 O-O 13. h5 f4 14. hxg6 fxg3 15.
gxh7+ Kh8 16. Nbd2 Bd7 17. a4 gxf2+ 18. Rxf2 Nxe5 19. Nxe5 Bxf2+ 20. Kf1 Bg3+
21. Nef3 e5 0-1

[Event "4NCL/Div2/NWE2 vs. OXF1"]
[Site "Birmingham ENG"]
[Date "2005.10.22"]
[Round "1.6"]
[White "Duggan, Chris"]
[Black "Morrison, Lynne"]
[Result "1-0"]
[WhiteElo "2104"]
[BlackElo "2003"]
[PlyCount "77"]
[EventDate "2005.10.22"]
[SourceDate "2005.10.25"]

1. e4 c5 2. Nf3 d6 3. c3 Nf6 4. Be2 Nc6 5. d4 e6 6. Nbd2 Qc7 7. O-O Be7 8. Re1
O-O 9. Bd3 e5 10. d5 Nb8 11. a4 b6 12. Nc4 Bg4 13. Ne3 Bh5 14. Nf5 Bg4 15.
Nxe7+ Qxe7 16. h3 Bh5 17. Bg5 h6 18. Bd2 Nbd7 19. Kh1 Nh7 20. g4 Bg6 21. a5
Ndf6 22. Qe2 Rab8 23. axb6 axb6 24. Nh4 Ne8 25. Nf5 Qd7 26. Bb5 Qc7 27. Ra4 Qd8
28. f4 f6 29. h4 Bxf5 30. exf5 Rf7 31. Bc6 Nc7 32. Qe4 Kh8 33. Rg1 b5 34. Ra7
Re7 35. Re1 Nf8 36. g5 Rf7 37. Qf3 Nd7 38. Qh5 fxg5 39. Qxf7 1-0

[Event "4NCL/Div2/NWE2 vs. OXF1"]
[Site "Birmingham ENG"]
[Date "2005.10.22"]
[Round "1.7"]
[White "Rabbitte, Dominic M"]
[Black "Webster, Ian"]
[Result "0-1"]
[WhiteElo "2030"]
[BlackElo "2119"]
[PlyCount "114"]
[EventDate "2005.10.22"]
[SourceDate "2005.10.25"]

1. e4 e6 2. d3 c5 3. g3 b6 4. Bg2 Bb7 5. b3 Nf6 6. Bb2 Be7 7. Nd2 d6 8. f4 Qc7
9. g4 h6 10. h4 h5 11. g5 Ng4 12. Qe2 Nc6 13. Bxg7 Nd4 14. Bxd4 cxd4 15. c4
dxc3 16. Nf1 d5 17. e5 Bb4 18. Qc2 Qc5 19. Nh3 Ne3 20. Nxe3 Qxe3+ 21. Kf1 Ba6
22. Rd1 Rc8 23. f5 Qxe5 24. f6 Qf5+ 25. Ke1 Qe5+ 26. Kf1 Bc5 27. Ng1 Bxg1 28.
Kxg1 Qd4+ 29. Kf1 e5 30. Ke1 e4 31. Bf1 Qe3+ 32. Qe2 Qxe2+ 33. Bxe2 c2 34. Rc1
exd3 35. Bf1 d4 36. Kd2 Rc3 37. Rh3 O-O 38. Bxd3 Bxd3 39. Rxd3 Rd8 40. Rxc2 Rc5
41. Rxc5 bxc5 42. Rf3 Rd5 43. Kd3 Re5 44. a4 {=} Kh7 45. Kc4 Kg6 46. b4 cxb4
47. Kxb4 Re4 48. Ka5 Rxh4 49. Ka6 d3 50. a5 Rd4 51. Rf1 d2 52. Rd1 Rd7 53. Kb5
Kxg5 54. Kc6 Rd3 55. Kb7 Kf4 56. Kxa7 Ke3 57. a6 Ke2 0-1

[Event "4NCL/Div2/NWE2 vs. OXF1"]
[Site "Birmingham ENG"]
[Date "2005.10.22"]
[Round "1.8"]
[White "Levicki, Jeffrey"]
[Black "Rabbitte, Paul G"]
[Result "1-0"]
[WhiteElo "1880"]
[BlackElo "1455"]
[PlyCount "83"]
[EventDate "2005.10.22"]
[SourceDate "2005.10.25"]

1. e4 g6 2. d4 Bg7 3. Nf3 Nf6 4. Nc3 O-O 5. Be3 d6 6. Bd3 Nc6 7. Qd2 Ng4 8.
O-O-O a5 9. Bc4 Nb4 10. a3 Na6 11. Bg5 Qd7 12. h3 Nf6 13. e5 Ne8 14. e6 fxe6
15. Rhe1 d5 16. Bb5 c6 17. Bxa6 Rxa6 18. Na4 b6 19. Bh6 Qd6 20. Bxg7 Nxg7 21.
Re5 Rf5 22. Qh6 Rh5 23. Rxh5 Nxh5 24. Ne5 Nf6 25. g4 Nd7 26. f4 c5 27. dxc5
bxc5 28. Rf1 Nxe5 29. fxe5 Qd8 30. Qf4 Bd7 31. Nxc5 Ra7 32. Nxd7 Rxd7 33. Qf7+
Kh8 34. Qxe6 Kg7 35. Qf7+ Kh6 36. g5+ Kxg5 37. Qf4+ Kh5 38. e6 g5 39. Qg4+ Kg6
40. exd7 Qb6 41. Qf5+ Kh5 42. Qxh7+ 1-0